El Tratado de cooperación amazónica audaz instrumento de desarrollo /
Gespeichert in:
| 1. Verfasser: | |
|---|---|
| Format: | Text |
| Tags: |
Tag hinzufügen
Keine Tags, Fügen Sie den ersten Tag hinzu!
|
MARC
| LEADER | 00000 a a2200000 04500 | ||
|---|---|---|---|
| 001 | 3257 | ||
| 003 | |||
| 040 | |||
| 100 | |a Landau, Georges D. | ||
| 245 | |a El Tratado de cooperación amazónica audaz instrumento de desarrollo / |c Georges D. Landau | ||
| 773 | |g volumen 31, número 12; páginas 1386-1397 | ||
| 999 | |c 25283 |d 25283 | ||
